Measurement and Evaluation in Education (Record no. 16359)
[ view plain ]
| 000 -LEADER | |
|---|---|
| fixed length control field | 00612nam a22002297a 4500 |
| 008 - FIXED-LENGTH DATA ELEMENTS--GENERAL INFORMATION | |
| fixed length control field | 260417b |||||||| |||| 00| 0 eng d |
| 020 ## - INTERNATIONAL STANDARD BOOK NUMBER | |
| International Standard Book Number | 978-93-5849-188-4 |
| Price | 390 |
| 040 ## - CATALOGING SOURCE | |
| Original Cataloguing agency | Sibsagar Commerce College Central Library |
| 041 ## - LANGUAGE CODE | |
| Language code of text/sound track or separate title | English |
| 082 ## - DEWEY DECIMAL CLASSIFICATION NUMBER | |
| Classification number | 371.26 |
| Book Number | DEK |
| 100 ## - MAIN ENTRY--PERSONAL NAME | |
| Personal name | Deka,N. |
| Fuller form of name | Nabanita |
| 245 ## - TITLE STATEMENT | |
| Title | Measurement and Evaluation in Education |
| 250 ## - EDITION STATEMENT | |
| Edition statement | 1st Ed. |
| 260 ## - PUBLICATION, DISTRIBUTION, ETC. | |
| Place of publication, distribution, etc. | Dibrugarh |
| Name of publisher, distributor, etc. | Pradyut Hazarika, Banalata |
| Date of publication, distribution, etc. | 2025 |
| 300 ## - PHYSICAL DESCRIPTION | |
| Pages | 382 p. ; |
| Dimensions | 18 x 25 cm |
| 505 ## - FORMATED CONTENTS NOTE | |
| Formated content notes | NEP<br/>6th Semester<br/>Minor |
| 650 ## - Subject | |
| Subject | Education |
| 700 ## - Added Entry Personal Name | |
| Personal Name | Ali, Lokman |
| 700 ## - Added Entry Personal Name | |
| Personal Name | Bhattacharyya, Pulok |
| 942 ## - ADDED ENTRY ELEMENTS (KOHA) | |
| Source of classification or shelving scheme | Dewey Decimal Classification |
| Koha item type | Books |
| Withdrawn status | Lost status | Source of classification or shelving scheme | Damaged status | Not for loan | Collection code | Home library | Current library | Shelving location | Date acquired | Source of acquisition | Cost, normal purchase price | Total Checkouts | Full call number | Barcode | Date last seen | Copy number | Cost, replacement price | Price effective from | Koha item type | Date due | Date last checked out |
|---|---|---|---|---|---|---|---|---|---|---|---|---|---|---|---|---|---|---|---|---|---|
| Dewey Decimal Classification | Education | Sibsagar Commerce College Central Library | Sibsagar Commerce College Central Library | General Stacks | 10/04/2026 | Kitap Ghar | 390.00 | 371.26 DEK | 29451 | 17/04/2026 | 1 | 780.00 | 17/04/2026 | Books | |||||||
| Dewey Decimal Classification | Education | Sibsagar Commerce College Central Library | Sibsagar Commerce College Central Library | General Stacks | 10/04/2026 | Kitap Ghar | 390.00 | 1 | 371.26 DEK | 29452 | 25/04/2026 | 2 | 780.00 | 17/04/2026 | Books | 14/05/2026 | 25/04/2026 | ||||
| Dewey Decimal Classification | Education | Sibsagar Commerce College Central Library | Sibsagar Commerce College Central Library | General Stacks | 10/04/2026 | Kitap Ghar | 390.00 | 371.26 DEK | 29453 | 17/04/2026 | 3 | 780.00 | 17/04/2026 | Books |
